[Event "7th EuropCh Women"]
[Site "Kusadasi / Turkey"]
[Date "2006.04.06"]
[Round "3"]
[Board "1"]
[White "Botsari, Anna Maria"]
[Black "Gaponenko, Inna"]
[Result "1-0"]
[WhiteElo "2341"]
[BlackElo "2430"]
[PlyCount "111"]
[EventDate "2006.04.04"]
[EventRounds "11"]
[EventCountry "AUT"]

1.d4 Nf6 2.c4 e6 3.Nc3 Bb4 4.Qc2 d5 5.cxd5 exd5 6.Bg5 c5 7.Nf3 h6 8.Bxf6 Qxf6
9.a3 Ba5 10.e3 O-O 11.dxc5 Bxc3+ 12.Qxc3 Qxc3+ 13.bxc3 Be6 14.Rb1 Nd7 15.Rxb7
Nxc5 16.Rb5 Rfc8 17.Nd4 Ne4 18.Rb3 a5 19.f3 Nxc3 20.Kd2 Na4 21.Bb5 Nb6 22.Rhb1
Nc4+ 23.Ke2 Nd6 24.Bd3 Nc4 25.Rc3 Ne5 26.Rxc8+ Rxc8 27.Rb5 Ra8 28.f4 Nxd3
29.Kxd3 g6 30.Nc6 Bf5+ 31.Kd4 Re8 32.Rb8 Rxb8 33.Nxb8 Be4 34.g3 g5 35.Nc6 gxf4
36.gxf4 a4 37.Ne7+ Kg7 38.Nxd5 Bc2 39.Ke5 Kg6 40.Nf6 Bd3 41.h4 Bc2 42.e4 Bd1
43.f5+ Kg7 44.Ne8+ Kf8 45.Nc7 Kg7 46.Kd6 Bc2 47.Ke7 Bxe4 48.Ne8+ Kh8 49.Nd6 Bc2
50.Kxf7 Kh7 51.Ke7 Bb3 52.Ne4 Kg7 53.Nc5 Kh7 54.Ne6 Kg8 55.Nf4 Kg7 56.Nd3

[Event "7th EuropCh Women"]
[Site "Kusadasi / Turkey"]
[Date "2006.04.06"]
[Round "3"]
[Board "1"]
[White "Nill, Jessica"]
[Black "Zhukova, Natalia"]
[Result "0-1"]
[WhiteElo "2339"]
[BlackElo "2425"]
[PlyCount "84"]
[EventDate "2006.04.04"]
[EventRounds "11"]
[EventCountry "AUT"]

1.d4 d5 2.c4 e6 3.Nf3 Nf6 4.Nc3 dxc4 5.e3 a6 6.Bxc4 c5 7.O-O b5 8.Bd3 Bb7 9.b3
cxd4 10.exd4 Be7 11.Bb2 O-O 12.Qe2 Nbd7 13.Rfe1 Nb6 14.Rad1 Nbd5 15.Nxd5 Qxd5
16.Qf1 Bb4 17.Re5 Qd6 18.Ng5 h6 19.Ne4 Nxe4 20.Bxe4 Bxe4 21.Rxe4 Rac8 22.Qd3 Ba3
23.Bxa3 Qxa3 24.Re2 Rfd8 25.h3 Rd5 26.Red2 Qb4 27.Qe3 Qa5 28.f4 Rc3 29.Qe4 Qc7
30.Rf1 g6 31.Rfd1 a5 32.Rf1 Kg7 33.Kh2 h5 34.Kg1 a4 35.bxa4 bxa4 36.Rfd1 Rf5
37.Rf2 Qc4 38.g4 hxg4 39.hxg4 Rg3+ 40.Rg2 Rxg2+ 41.Kxg2 Qxa2+ 42.Kg1 Rd5

[Event "7th EuropCh Women"]
[Site "Kusadasi / Turkey"]
[Date "2006.04.06"]
[Round "3"]
[Board "1"]
[White "Djingarova, Emilia"]
[Black "Danielian, Elina"]
[Result "1/2-1/2"]
[WhiteElo "2319"]
[BlackElo "2422"]
[PlyCount "33"]
[EventDate "2006.04.04"]
[EventRounds "11"]
[EventCountry "AUT"]

1.e4 e6 2.d4 d5 3.Nd2 c5 4.Ngf3 cxd4 5.Nxd4 Ne7 6.exd5 Nxd5 7.Bb5+ Bd7 8.c4 Nf6
9.O-O Bxb5 10.Nxb5 Nc6 11.Nf3 a6 12.Nbd4 Nxd4 13.Nxd4 Rc8 14.b3 Bc5 15.Be3 Qb6
16.Nc2 O-O 17.Qf3

[Event "7th EuropCh Women"]
[Site "Kusadasi / Turkey"]
[Date "2006.04.06"]
[Round "3"]
[Board "1"]
[White "Lomineishvili, Maia"]
[Black "Topel, Zehra"]
[Result "1/2-1/2"]
[WhiteElo "2399"]
[BlackElo "2139"]
[PlyCount "97"]
[EventDate "2006.04.04"]
[EventRounds "11"]
[EventCountry "AUT"]

1.d4 Nf6 2.c4 g6 3.Nc3 Bg7 4.e4 d6 5.Nf3 O-O 6.Be2 e5 7.O-O Nc6 8.d5 Ne7 9.Be3
Ng4 10.Bd2 f5 11.exf5 Nxf5 12.Ne4 Nf6 13.Bg5 Qe8 14.Bxf6 Bxf6 15.b4 a5 16.a3
axb4 17.axb4 Rxa1 18.Qxa1 Bg7 19.c5 Nd4 20.Nxd4 exd4 21.Bf3 Qe5 22.Re1 Qf4
23.Qc1 Qxc1 24.Rxc1 Bf5 25.Ng3 Ra8 26.Nxf5 gxf5 27.cxd6 cxd6 28.Be2 Ra3 29.Rd1
Rb3 30.Bd3 Rxb4 31.Bxf5 Rb3 32.Kf1 b5 33.Ke2 h6 34.Rb1 Rxb1 35.Bxb1 Kf7 36.Bd3
b4 37.f4 Bf6 38.Kd2 b3 39.Kc1 Bd8 40.Bc4 Kf6 41.g4 Ba5 42.Bxb3 h5 43.g5+ Kf5
44.Bc2+ d3 45.Bxd3+ Kxf4 46.g6 Bc3 47.Kc2 Bg7 48.Kd2 h4 49.h3

[Event "7th EuropCh Women"]
[Site "Kusadasi / Turkey"]
[Date "2006.04.06"]
[Round "3"]
[Board "1"]
[White "Makropoulou, Marina"]
[Black "Vasilevich, Tatjana"]
[Result "1/2-1/2"]
[WhiteElo "2305"]
[BlackElo "2395"]
[PlyCount "46"]
[EventDate "2006.04.04"]
[EventRounds "11"]
[EventCountry "AUT"]

1.e4 c5 2.Nf3 e6 3.d4 cxd4 4.Nxd4 a6 5.Bd3 Nf6 6.O-O d6 7.c4 Nbd7 8.Nc3 g6 9.Nf3
Bg7 10.Bf4 Qc7 11.Re1 b6 12.Bc2 Ne5 13.Ba4+ Bd7 14.Bxd7+ Nfxd7 15.b3 O-O 16.Kh1
Rac8 17.Nxe5 dxe5 18.Bg5 h6 19.Be3 Rfd8 20.Qg4 Bf8 21.Qh4 h5 22.Bg5 Re8 23.Rad1
Nc5

[Event "7th EuropCh Women"]
[Site "Kusadasi / Turkey"]
[Date "2006.04.06"]
[Round "3"]
[Board "1"]
[White "Norinkeviciute, Rasa"]
[Black "Zawadzka, Jolanta"]
[Result "0-1"]
[WhiteElo "2106"]
[BlackElo "2389"]
[PlyCount "58"]
[EventDate "2006.04.04"]
[EventRounds "11"]
[EventCountry "AUT"]

1.e4 c5 2.Nf3 Nc6 3.Bb5 g6 4.Bxc6 dxc6 5.d3 Bg7 6.Nc3 Nf6 7.h3 Nd7 8.Be3 e5
9.Qd2 O-O 10.g4 Qe7 11.O-O-O Rd8 12.Bg5 Bf6 13.Bh6 b5 14.Qe3 a5 15.Bg5 Ba6
16.Bxf6 Qxf6 17.h4 b4 18.Ne2 a4 19.Kb1 Nf8 20.h5 Qd6 21.Nc1 Ra7 22.Nh4 Rad7
23.Rdf1 c4 24.Rd1 cxd3 25.Nxd3 b3 26.axb3 axb3 27.Rd2 bxc2+ 28.Kxc2 Bxd3+ 29.Kc1
Ra8

[Event "7th EuropCh Women"]
[Site "Kusadasi / Turkey"]
[Date "2006.04.06"]
[Round "3"]
[Board "1"]
[White "Andersson, Christin"]
[Black "Bosboom Lanchava, Tea"]
[Result "0-1"]
[WhiteElo "2170"]
[BlackElo "2380"]
[PlyCount "78"]
[EventDate "2006.04.04"]
[EventRounds "11"]
[EventCountry "AUT"]

1.e4 d6 2.d4 g6 3.Bd3 Bg7 4.c3 Nf6 5.Nf3 O-O 6.O-O Nc6 7.d5 Ne5 8.Nxe5 dxe5
9.Nd2 e6 10.c4 c6 11.b3 exd5 12.Ba3 Re8 13.cxd5 cxd5 14.exd5 Qxd5 15.Nc4 e4
16.Be2 Be6 17.Nd6 Red8 18.Bc4 Qe5 19.f4 exf3 20.Qxf3 Rxd6 21.Bxd6 Qxd6 22.Bxe6
fxe6 23.Rad1 Qb6+ 24.Kh1 e5 25.Qc3 Re8 26.Rfe1 e4 27.h3 Kh8 28.Qc4 e3 29.Qf7 Qa5
30.Qxb7 e2 31.Rc1 Bh6 32.b4 Qf5 33.Rb1 Bd2 34.Qxa7 Bxe1 35.Rxe1 Qf1+ 36.Qg1 Ne4
37.Kh2 Qf4+ 38.g3 Qf2+ 39.Qxf2 Nxf2

[Event "7th EuropCh Women"]
[Site "Kusadasi / Turkey"]
[Date "2006.04.06"]
[Round "3"]
[Board "1"]
[White "Atalik, Ekaterina"]
[Black "Calotescu, Ana Cristina"]
[Result "1-0"]
[WhiteElo "2379"]
[BlackElo "2325"]
[PlyCount "58"]
[EventDate "2006.04.04"]
[EventRounds "11"]
[EventCountry "AUT"]

1.d4 Nf6 2.c4 g6 3.Nc3 Bg7 4.e4 d6 5.Nf3 O-O 6.Be2 Na6 7.O-O e5 8.Re1 Qe8 9.Bg5
h6 10.Bxf6 Bxf6 11.c5 dxc5 12.Bxa6 bxa6 13.Nd5 Bd8 14.dxe5 Qb5 15.Qd2 Kg7 16.Qc3
Be6 17.a4 Qb7 18.Qxc5 c6 19.Rad1 Bg4 20.Nd4 Be7 21.Qc4 Bb4 22.h3 Bxe1 23.Rxe1 c5
24.Qxc5 Rac8 25.Qd6 Rfd8 26.Qf6+ Kh7 27.e6 Bxe6 28.Nxe6 Rg8 29.Nd4 Qxb2

[Event "7th EuropCh Women"]
[Site "Kusadasi / Turkey"]
[Date "2006.04.06"]
[Round "3"]
[Board "1"]
[White "Khurtsidze, Nino"]
[Black "Mamedjarova, Turkan"]
[Result "0-1"]
[WhiteElo "2426"]
[BlackElo "2280"]
[PlyCount "82"]
[EventDate "2006.04.04"]
[EventRounds "11"]
[EventCountry "AUT"]

1.d4 f5 2.Bg5 Nf6 3.Bxf6 exf6 4.e3 d5 5.Bd3 Be6 6.Ne2 Bd6 7.Nd2 Qe7 8.O-O O-O
9.c4 dxc4 10.Bxc4 c6 11.Bb3 Bf7 12.Rc1 Kh8 13.Bxf7 Qxf7 14.Nc4 Bc7 15.g3 b5
16.Nd2 Qd7 17.Qc2 Re8 18.Nb3 a5 19.a3 Qd5 20.Nc5 Qf3 21.Rfe1 Bd6 22.Nf4 g6
23.Qb3 Ra7 24.Ncd3 g5 25.Ng2 a4 26.Qc3 Rae7 27.Red1 Kg7 28.Nge1 Qe4 29.Nc5 Qd5
30.Ncd3 h5 31.Nb4 Qf3 32.Ned3 h4 33.Ne1 Qe4 34.Nxc6 hxg3 35.hxg3 Rc7 36.d5 Rf8
37.Ng2 Qg4 38.Rd4 Qh5 39.e4 fxe4 40.Rxe4 Rh8 41.Nh4 gxh4

[Event "7th EuropCh Women"]
[Site "Kusadasi / Turkey"]
[Date "2006.04.06"]
[Round "3"]
[Board "1"]
[White "Peng, Zhaoqin"]
[Black "Schuurman, Petra"]
[Result "1/2-1/2"]
[WhiteElo "2395"]
[BlackElo "2258"]
[PlyCount "113"]
[EventDate "2006.04.04"]
[EventRounds "11"]
[EventCountry "AUT"]

1.Nf3 Nf6 2.c4 c5 3.Nc3 b6 4.e4 d6 5.d4 cxd4 6.Nxd4 Bb7 7.f3 e6 8.Be2 a6 9.O-O
Nbd7 10.Be3 Be7 11.Qe1 O-O 12.Qg3 Re8 13.Rfd1 Rc8 14.Rac1 Qc7 15.Kh1 Qb8 16.Bg1
Ne5 17.b3 Bf8 18.f4 Ng6 19.Bf3 b5 20.cxb5 axb5 21.f5 exf5 22.exf5 Bxf3 23.Qxf3
Ne5 24.Qf1 b4 25.Na4 h5 26.Nf3 Qb7 27.Nb6 Rxc1 28.Rxc1 Nxf3 29.Qxf3 Qxf3 30.gxf3
Re2 31.Rc8 h4 32.h3 Nh5 33.Bh2 Rd2 34.Nd7 Rd1+ 35.Kg2 Rd2+ 36.Kf1 Rd1+ 37.Kf2
Rd2+ 38.Kf1 Rd1+ 39.Kf2 Rd2+ 40.Ke3 Rxh2 41.Nxf8 g6 42.Nxg6+ Kg7 43.Nxh4 Rxa2
44.Rc4 Nf6 45.Kd3 Rh2 46.Rxb4 Rxh3 47.Rd4 Kh6 48.b4 Kg5 49.Ng2 Kxf5 50.Rxd6
Rxf3+ 51.Kd4 Rb3 52.Ne3+ Kf4 53.Nc2 Rb2 54.Rc6 Ng4 55.Rc3 f5 56.Kc5 Nf6 57.Kc6

[Event "7th EuropCh Women"]
[Site "Kusadasi / Turkey"]
[Date "2006.04.06"]
[Round "3"]
[Board "1"]
[White "Sedina, Elena"]
[Black "Gavasheli, Ana"]
[Result "0-1"]
[WhiteElo "2373"]
[BlackElo "2244"]
[PlyCount "62"]
[EventDate "2006.04.04"]
[EventRounds "11"]
[EventCountry "AUT"]

1.e4 c6 2.c4 d5 3.exd5 cxd5 4.cxd5 Nf6 5.Nc3 g6 6.Bc4 Bg7 7.Nf3 Nbd7 8.O-O O-O
9.d4 Nb6 10.Bb3 Nbxd5 11.Re1 Re8 12.Ne5 Be6 13.Qf3 a6 14.Bg5 Nc7 15.Qxb7 Rb8
16.Qf3 Bxb3 17.axb3 Rxb3 18.Nc6 Qd7 19.Nxe7+ Rxe7 20.Bxf6 Rxe1+ 21.Rxe1 Rxb2
22.Re7 Qf5 23.Qxf5 gxf5 24.Bxg7 Nd5 25.Re1 Nxc3 26.Bf6 Ne4 27.Bh4 Kg7 28.f3 Nc3
29.Bf2 a5 30.Be3 a4 31.Rc1 Rb1

[Event "7th EuropCh Women"]
[Site "Kusadasi / Turkey"]
[Date "2006.04.06"]
[Round "3"]
[Board "1"]
[White "Przezdziecka, Marta"]
[Black "Shadrina, Tatiana"]
[Result "0-1"]
[WhiteElo "2265"]
[BlackElo "2371"]
[PlyCount "58"]
[EventDate "2006.04.04"]
[EventRounds "11"]
[EventCountry "AUT"]

1.d4 d5 2.Nf3 Nf6 3.c4 c6 4.Qc2 g6 5.Bf4 Bg7 6.e3 O-O 7.Nc3 c5 8.dxc5 Qa5 9.Nd2
dxc4 10.Bxc4 Qxc5 11.O-O Na6 12.Rac1 Nh5 13.Nce4 Qb4 14.Bg5 Bf5 15.f3 h6 16.g4
hxg5 17.gxf5 gxf5 18.Nxg5 e6 19.Nxf7 Qe7 20.e4 f4 21.Qb3 Nc5 22.Qb5 a6 23.Qb6
Bd4+ 24.Kh1 Kxf7 25.b4 Rh8 26.bxc5 Ng3+ 27.Kg2 Rxh2+ 28.Kxh2 Nxf1+ 29.Kg2 Ne3+

[Event "7th EuropCh Women"]
[Site "Kusadasi / Turkey"]
[Date "2006.04.06"]
[Round "3"]
[Board "1"]
[White "Muhren, Bianca"]
[Black "Aginian, Nelly"]
[Result "1-0"]
[WhiteElo "2253"]
[BlackElo "2333"]
[PlyCount "117"]
[EventDate "2006.04.04"]
[EventRounds "11"]
[EventCountry "AUT"]

1.e4 e6 2.d4 d5 3.Nd2 Nf6 4.e5 Nfd7 5.Bd3 c5 6.c3 Nc6 7.Ne2 cxd4 8.cxd4 f6 9.Nf4
Nxd4 10.Qh5+ Ke7 11.exf6+ Nxf6 12.Ng6+ hxg6 13.Qxh8 Kf7 14.Qh4 e5 15.Nf3 Nxf3+
16.gxf3 e4 17.fxe4 Bb4+ 18.Kf1 dxe4 19.Bc4+ Ke7 20.Bg5 Qd4 21.Rc1 Bd2 22.Bxd2
Qxd2 23.Kg2 Bg4 24.Rhe1 Bf3+ 25.Kf1 Rc8 26.Rcd1 Qc2 27.Bd3 Qc6 28.Bxe4 Bxe4
29.Rxe4+ Kf7 30.Re5 Qh1+ 31.Ke2 Rc2+ 32.Rd2 Rc1 33.Qg5 Qf1+ 34.Kf3 Rc4 35.Qe3
Kg8 36.Re7 Qh3+ 37.Ke2 Qh5+ 38.Qf3 Qb5 39.Qd3 Qh5+ 40.Qf3 Qb5 41.Qb3 Qh5+ 42.Ke1
Qc5 43.Re3 Kh7 44.Rc3 b5 45.Rxc4 bxc4 46.Qe3 Qf5 47.Qd4 Ne4 48.Re2 Ng5 49.Qh4+
Kg8 50.Qxc4+ Kh7 51.Qh4+ Kg8 52.Qc4+ Kh7 53.f4 Nf3+ 54.Kf2 Nxh2 55.Kg3 Nf1+
56.Kg2 Qb1 57.Qe4 Qc1 58.Qf3 Nd2 59.Qh3+

[Event "7th EuropCh Women"]
[Site "Kusadasi / Turkey"]
[Date "2006.04.06"]
[Round "3"]
[Board "1"]
[White "Juergens, Vera"]
[Black "Andriasian, Siranush"]
[Result "1-0"]
[WhiteElo "2330"]
[BlackElo "2237"]
[PlyCount "149"]
[EventDate "2006.04.04"]
[EventRounds "11"]
[EventCountry "AUT"]

1.d4 d5 2.c4 e6 3.cxd5 exd5 4.Nc3 Nf6 5.Bg5 c6 6.Qc2 g6 7.e3 Bf5 8.Qb3 b6 9.Nf3
Be7 10.Ne5 O-O 11.Be2 Nfd7 12.Bh6 Re8 13.Nxd5 Nxe5 14.Nxe7+ Qxe7 15.dxe5 Nd7
16.Bf4 Nxe5 17.O-O Be4 18.Rfd1 Bd5 19.Qc3 f6 20.Rd4 Rad8 21.Rad1 Nf7 22.h3 Qe6
23.b3 Kg7 24.Bg4 Qe7 25.e4 Bxe4 26.Rd7 Rxd7 27.Rxd7 Qc5 28.Qxc5 bxc5 29.Rxa7 Bd5
30.Bf3 Re1+ 31.Kh2 Ra1 32.Ra4 Ne5 33.Be2 g5 34.Bxe5 fxe5 35.Kg3 Kf6 36.f3 h5
37.Kf2 h4 38.Ra6 Kf5 39.Bd3+ e4 40.Bxe4+ Bxe4 41.fxe4+ Kxe4 42.Ra4+ Kf5 43.Ke3
Rg1 44.Kf3 Rf1+ 45.Ke2 Rg1 46.Rg4 Ra1 47.a4 Ra3 48.Rc4 Rxb3 49.Rxc5+ Kf4 50.Rc4+
Kf5 51.Rxc6 Rb2+ 52.Kf3 Rb3+ 53.Kf2 Rb2+ 54.Kg1 Ra2 55.Rc5+ Kf4 56.Rc4+ Kf5
57.Rg4 Kf6 58.Kf1 Kf5 59.Ke1 Kf6 60.Kd1 Kg6 61.Kc1 Kf5 62.Kb1 Ra3 63.Kb2 Re3
64.a5 Re5 65.Ra4 Re2+ 66.Kc3 Re3+ 67.Kd2 Re7 68.a6 Ra7 69.Ke3 Ke5 70.Ra5+ Kf6
71.Ke4 Kg6 72.Ke5 Rf7 73.Ke6 Rf6+ 74.Ke7 Rf7+ 75.Ke8

[Event "7th EuropCh Women"]
[Site "Kusadasi / Turkey"]
[Date "2006.04.06"]
[Round "3"]
[Board "1"]
[White "Hryhorenko, Nataliya"]
[Black "Bashkite, Viktoria"]
[Result "1-0"]
[WhiteElo "2323"]
[BlackElo "2205"]
[PlyCount "59"]
[EventDate "2006.04.04"]
[EventRounds "11"]
[EventCountry "AUT"]

1.d4 e6 2.Nf3 b6 3.e4 Bb7 4.Bd3 c5 5.c3 cxd4 6.cxd4 Nf6 7.Nc3 Bb4 8.Qc2 h6 9.O-O
Nc6 10.d5 exd5 11.e5 Bxc3 12.bxc3 Ng8 13.Nd4 Nge7 14.f4 d6 15.Ba3 dxe5 16.fxe5
O-O 17.e6 Ne5 18.exf7+ Rxf7 19.Rxf7 Kxf7 20.Bh7 Ng8 21.Qf5+ Qf6 22.Rf1 Re8
23.Qb1 Qxf1+ 24.Qxf1+ Nf6 25.Bc2 Nc4 26.Bc1 Ba6 27.Bd3 Kg8 28.h3 Ne4 29.Qf5 Re5
30.Qg6

[Event "7th EuropCh Women"]
[Site "Kusadasi / Turkey"]
[Date "2006.04.06"]
[Round "3"]
[Board "1"]
[White "Cherednichenko, Svetlana"]
[Black "Majdan, Joanna"]
[Result "0-1"]
[WhiteElo "2238"]
[BlackElo "2297"]
[PlyCount "80"]
[EventDate "2006.04.04"]
[EventRounds "11"]
[EventCountry "AUT"]

1.d4 c5 2.d5 Nf6 3.c4 e6 4.Nc3 exd5 5.cxd5 d6 6.e4 g6 7.h3 Bg7 8.Nf3 a6 9.a4 O-O
10.Bd3 Nbd7 11.Bf4 Qe7 12.O-O Nh5 13.Bg5 Bf6 14.Bxf6 Qxf6 15.g3 Re8 16.Kg2 Rb8
17.Qe2 Qg7 18.Nd2 Ne5 19.f4 Nxd3 20.Qxd3 f5 21.Rae1 b5 22.axb5 axb5 23.exf5 Rxe1
24.Rxe1 Bxf5 25.Qf3 b4 26.Nce4 Qxb2 27.Re2 Qa3 28.Nxd6 Qxf3+ 29.Kxf3 Bc2 30.Re8+
Rxe8 31.Nxe8 b3 32.Nc4 Bd3 33.Ned6 Nf6 34.Nb2 Bf1 35.Ne4 Nxe4 36.Kxe4 Bxh3
37.Ke5 Bf1 38.Ke6 c4 39.Ke7 c3 40.d6 Bb5

[Event "7th EuropCh Women"]
[Site "Kusadasi / Turkey"]
[Date "2006.04.06"]
[Round "3"]
[Board "1"]
[White "Mkrtchian, Lilit"]
[Black "Makka, Ioulia"]
[Result "1/2-1/2"]
[WhiteElo "2453"]
[BlackElo "2198"]
[PlyCount "84"]
[EventDate "2006.04.04"]
[EventRounds "11"]
[EventCountry "AUT"]

1.e4 e6 2.d4 d5 3.e5 c5 4.c3 Qb6 5.Nf3 Bd7 6.a3 cxd4 7.cxd4 Bb5 8.Bxb5+ Qxb5
9.Nc3 Qa6 10.b4 Ne7 11.b5 Qb6 12.O-O Nd7 13.a4 a6 14.a5 Qd8 15.Bd2 axb5 16.Qb3
Nc6 17.Qxb5 Rxa5 18.Qxb7 Qb6 19.Qc8+ Nd8 20.Rxa5 Qxa5 21.Rb1 Bb4 22.Be1 Nb6
23.Qb8 Bxc3 24.Bxc3 Qxc3 25.Qxb6 O-O 26.Qb3 Qxb3 27.Rxb3 Nc6 28.Kf1 Rb8 29.Rc3
Rb6 30.Ke2 h6 31.Ke3 Kf8 32.Nd2 Ke7 33.f4 Kd7 34.g4 Rb2 35.Rb3 Rxb3+ 36.Nxb3 g6
37.Nc5+ Ke7 38.Nd3 f6 39.Nc5 fxe5 40.fxe5 Kf7 41.h4 h5 42.gxh5 gxh5

[Event "7th EuropCh Women"]
[Site "Kusadasi / Turkey"]
[Date "2006.04.06"]
[Round "3"]
[Board "1"]
[White "Petrenko, Svetlana"]
[Black "Lematschko, Tatjana"]
[Result "1-0"]
[WhiteElo "2334"]
[BlackElo "2180"]
[PlyCount "131"]
[EventDate "2006.04.04"]
[EventRounds "11"]
[EventCountry "AUT"]

1.e4 c6 2.d4 d5 3.Nc3 dxe4 4.Nxe4 Nd7 5.Bc4 Ngf6 6.Ng5 e6 7.N1f3 Nb6 8.Bb3 h6
9.Nh3 Bd6 10.Nf4 O-O 11.O-O c5 12.dxc5 Bxc5 13.Qe2 Nbd5 14.Nd3 Bd6 15.c4 Nb4
16.Nde5 a5 17.Ba4 Qc7 18.Rd1 Na6 19.h3 Nc5 20.Bc2 Nfd7 21.Bf4 Nxe5 22.Nxe5 f6
23.Rxd6 Qxd6 24.Ng6 e5 25.Rd1 Qc7 26.Nxf8 Kxf8 27.Be3 Be6 28.b3 b6 29.Qf3 Rc8
30.Bf5 Qe7 31.Bxc5 Rxc5 32.Bxe6 Qxe6 33.Qb7 Qc8 34.Qxb6 Qc7 35.Rd8+ Ke7 36.Qxc7+
Rxc7 37.Ra8 Rc5 38.Ra7+ Ke6 39.Rxg7 a4 40.Ra7 axb3 41.axb3 e4 42.Kf1 Ke5 43.Rd7
Rc8 44.Rd5+ Ke6 45.Rb5 f5 46.g3 h5 47.h4 Rd8 48.Ke2 Rd3 49.b4 Rb3 50.c5 Rb2+
51.Kf1 Rb1+ 52.Kg2 Rb2 53.Rb8 Kd7 54.Kf1 Rb1+ 55.Kg2 Rb2 56.Rf8 Rxb4 57.Rxf5 Ke6
58.Rxh5 Rb2 59.Kf1 Rc2 60.g4 Kf6 61.Rf5+ Kg6 62.h5+ Kh6 63.Re5 Rc4 64.Ke2 e3
65.f3 Rc3 66.f4

[Event "7th EuropCh Women"]
[Site "Kusadasi / Turkey"]
[Date "2006.04.06"]
[Round "3"]
[Board "1"]
[White "Mira, Helene"]
[Black "Maksimovic, Suzana"]
[Result "1/2-1/2"]
[WhiteElo "2140"]
[BlackElo "2295"]
[PlyCount "132"]
[EventDate "2006.04.04"]
[EventRounds "11"]
[EventCountry "AUT"]

1.Nf3 Nf6 2.c4 Nc6 3.d4 e6 4.g3 Bb4+ 5.Bd2 Qe7 6.Nc3 O-O 7.Bg2 d6 8.O-O Bxc3
9.Bxc3 e5 10.d5 Nb8 11.Qc2 a5 12.b3 Bg4 13.h3 Bxf3 14.Bxf3 Nbd7 15.e4 Nc5 16.a3
Nfd7 17.b4 axb4 18.axb4 Rxa1 19.Rxa1 Na6 20.Bg4 g6 21.h4 Nb6 22.Bd2 Kh8 23.Rc1
f5 24.exf5 gxf5 25.Bxf5 Nxc4 26.Bh6 b5 27.Bxf8 Qxf8 28.Bd7 Nxb4 29.Qe4 Na2
30.Rxc4 bxc4 31.Qxc4 Qa8 32.Qxc7 Qxd5 33.Qd8+ Kg7 34.Qe7+ Qf7 35.Qxd6 Qf6 36.Qa3
Qd8 37.Bg4 Qg8 38.Qe7+ Qf7 39.Qxe5+ Qf6 40.Qxf6+ Kxf6 41.f4 Nc3 42.Bf3 Nb5
43.Kf2 Nd4 44.g4 h5 45.Ke3 Nc2+ 46.Ke4 hxg4 47.Bxg4 Nb4 48.Bd7 Na6 49.Kd4 Nb4
50.h5 Nc2+ 51.Ke4 Ne1 52.Bh3 Nc2 53.Bf1 Nb4 54.Bb5 Nc2 55.Bc6 Ne1 56.Kd4 Nc2+
57.Ke4 Ne1 58.Ke3 Nc2+ 59.Kd2 Nd4 60.Bd5 Nf5 61.Be4 Ng7 62.h6 Ne6 63.Ke3 Nf8
64.Bd5 Kg6 65.Kd4 Kxh6 66.Ke5 Kg7

[Event "7th EuropCh Women"]
[Site "Kusadasi / Turkey"]
[Date "2006.04.06"]
[Round "3"]
[Board "1"]
[White "Benderac, Ana"]
[Black "Khudaverdieva, Afag"]
[Result "1/2-1/2"]
[WhiteElo "2293"]
[BlackElo "2156"]
[PlyCount "63"]
[EventDate "2006.04.04"]
[EventRounds "11"]
[EventCountry "AUT"]

1.d4 Nf6 2.c4 g6 3.Nc3 d5 4.Nf3 Bg7 5.Bg5 Ne4 6.cxd5 Nxg5 7.Nxg5 e6 8.Qd2 exd5
9.Qe3+ Kf8 10.Qf4 Bf6 11.h4 h6 12.Nf3 Kg7 13.g4 c5 14.dxc5 Qa5 15.O-O-O Bxc3
16.bxc3 Qxc3+ 17.Kb1 Nc6 18.Rc1 Qb4+ 19.Qxb4 Nxb4 20.Bh3 Re8 21.e3 Bd7 22.g5
Bxh3 23.gxh6+ Kxh6 24.Rxh3 Nd3 25.Rc2 Rac8 26.Ng5 Kg7 27.h5 Rh8 28.hxg6 Rxh3
29.Nxh3 fxg6 30.Rd2 Nxc5 31.Rxd5 b6 32.Nf4

[Event "7th EuropCh Women"]
[Site "Kusadasi / Turkey"]
[Date "2006.04.06"]
[Round "3"]
[Board "1"]
[White "Pavlovskaya, Evgenia"]
[Black "Burtasova, Anna"]
[Result "1-0"]
[WhiteElo "2182"]
[BlackElo "2293"]
[PlyCount "83"]
[EventDate "2006.04.04"]
[EventRounds "11"]
[EventCountry "AUT"]

1.e4 c5 2.Nf3 e6 3.d4 cxd4 4.Nxd4 a6 5.Bd3 Nf6 6.O-O d6 7.c4 Qc7 8.Nc3 Nbd7 9.b3
b5 10.Bb2 bxc4 11.Bxc4 Ne5 12.Be2 Be7 13.Rc1 O-O 14.Nd5 Qd8 15.Nxe7+ Qxe7 16.f4
Ng6 17.Nc6 Qd7 18.f5 Ne7 19.fxe6 fxe6 20.Nxe7+ Qxe7 21.Bxf6 gxf6 22.Bc4 Kh8
23.Rc3 Bb7 24.Qd4 e5 25.Qe3 Qg7 26.Be6 Rae8 27.Bf5 d5 28.Qb6 Re7 29.Bxh7 Qxh7
30.Rh3 Qxh3 31.gxh3 Rg7+ 32.Kf2 d4 33.Qd6 Rff7 34.Ke1 Rg6 35.Qe6 Kg7 36.h4 Bxe4
37.h5 Rg2 38.h6+ Kg6 39.h7 Rc7 40.Rxf6+ Kxh7 41.Rh6+ Kg7 42.Qf6+

[Event "7th EuropCh Women"]
[Site "Kusadasi / Turkey"]
[Date "2006.04.06"]
[Round "3"]
[Board "1"]
[White "Fakhiridou, Ekaterini"]
[Black "Gilbert, Jessie"]
[Result "1/2-1/2"]
[WhiteElo "2292"]
[BlackElo "2144"]
[PlyCount "136"]
[EventDate "2006.04.04"]
[EventRounds "11"]
[EventCountry "AUT"]

1.e4 c6 2.d4 d5 3.Nd2 dxe4 4.Nxe4 Nf6 5.Nxf6+ exf6 6.c3 Bd6 7.Bd3 O-O 8.Qc2 Re8+
9.Ne2 Kh8 10.O-O Nd7 11.Ng3 Nf8 12.Bd2 Be6 13.Rad1 Qb6 14.Ne4 Be7 15.b3 a5
16.Rfe1 Qc7 17.c4 Bb4 18.Bxb4 axb4 19.c5 Red8 20.Nd6 b6 21.Rd2 bxc5 22.dxc5 Ra5
23.Qc1 Rda8 24.Bb1 Qa7 25.Rc2 Nd7 26.Qf4 Rxc5 27.Qxb4 Rxc2 28.Bxc2 Qc5 29.Qxc5
Nxc5 30.Bb1 Nd7 31.f4 g6 32.Re2 f5 33.Bd3 Nb6 34.Nc4 Nd5 35.Rf2 Nb4 36.Bb1 Rd8
37.Rd2 Rxd2 38.Nxd2 Nd5 39.g3 Nc3 40.Kf2 Bd5 41.a4 Nxb1 42.Nxb1 Bxb3 43.Nc3 Bc4
44.Ke3 c5 45.a5 Bf1 46.Na4 c4 47.Kd4 Kg7 48.Kc3 Kh6 49.a6 Kh5 50.a7 Bg2 51.h3 g5
52.Nb6 gxf4 53.gxf4 Kh4 54.Kxc4 Bb7 55.a8=Q Bxa8 56.Nxa8 Kg3 57.Nc7 Kxf4 58.Nd5+
Kg3 59.Kd3 Kxh3 60.Ke3 Kg3 61.Nf4 Kg4 62.Ng2 h5 63.Kf2 f4 64.Ne1 h4 65.Nf3 h3
66.Nh2+ Kf5 67.Kf3 Kg5 68.Kf2 Kf5

[Event "7th EuropCh Women"]
[Site "Kusadasi / Turkey"]
[Date "2006.04.06"]
[Round "3"]
[Board "1"]
[White "Gvetadze, Sopio"]
[Black "Kubikova, Alena"]
[Result "1-0"]
[WhiteElo "2282"]
[BlackElo "2098"]
[PlyCount "137"]
[EventDate "2006.04.04"]
[EventRounds "11"]
[EventCountry "AUT"]

1.e4 e6 2.d3 d5 3.Nd2 Nf6 4.Ngf3 dxe4 5.dxe4 Bc5 6.Bd3 Nbd7 7.O-O e5 8.Nc4 Qe7
9.Bg5 O-O 10.Qe2 Qe6 11.Rad1 Ne8 12.Bd2 f6 13.Bc3 Kh8 14.b4 Bd6 15.Ne3 Nb6 16.a3
g6 17.Nh4 Qe7 18.g3 Ng7 19.Ng4 Bxg4 20.Qxg4 Qe6 21.Qe2 Na4 22.Ba1 a5 23.Bc4 Qe7
24.bxa5 Ne8 25.Rb1 Bxa3 26.Rxb7 Nd6 27.Rb3 Nxc4 28.Qxc4 Rxa5 29.Rfb1 Qc5 30.Qe2
Qe7 31.Qd2 Raa8 32.Nxg6+ hxg6 33.Qh6+ Qh7 34.Qxh7+ Kxh7 35.Rxa3 Nc5 36.Rc3 Ne6
37.Rc6 Rfe8 38.Bc3 Kg7 39.Rd1 Kf7 40.Bb4 Rad8 41.Rxd8 Rxd8 42.c3 Rd7 43.Kg2 Ng5
44.Rc4 Ne6 45.Ba3 Rd1 46.Bc5 Nxc5 47.Rxc5 Rd7 48.Rc6 g5 49.Kf3 Kg6 50.Kg4 Rd2
51.f3 Rxh2 52.Rxc7 Rc2 53.c4 Rc1 54.c5 Rc4 55.Rc6 Rc1 56.Rc8 Rc4 57.Kh3 g4+
58.Kxg4 f5+ 59.Kh4 fxe4 60.Rc6+ Kf7 61.fxe4 Rxe4+ 62.Kg5 Rc4 63.Kf5 e4 64.Rc7+
Ke8 65.Ke6 Kd8 66.Rd7+ Kc8 67.Rd5 e3 68.Re5 Rc3 69.g4

[Event "7th EuropCh Women"]
[Site "Kusadasi / Turkey"]
[Date "2006.04.06"]
[Round "3"]
[Board "1"]
[White "Velcheva, Maria"]
[Black "Coimbra, Margarida"]
[Result "1-0"]
[WhiteElo "2279"]
[BlackElo "2070"]
[PlyCount "73"]
[EventDate "2006.04.04"]
[EventRounds "11"]
[EventCountry "AUT"]

1.e4 e5 2.Nf3 Nc6 3.d4 exd4 4.Nxd4 Bc5 5.Be3 Qf6 6.Nb5 Bxe3 7.fxe3 Qd8 8.Qg4 g6
9.Qf4 d6 10.Bc4 Ne5 11.O-O f6 12.Bxg8 Rxg8 13.Qxf6 Qxf6 14.Rxf6 Rg7 15.N1c3 a6
16.Nd4 Bd7 17.Nd5 O-O-O 18.Raf1 b6 19.b3 Kb7 20.h3 Re8 21.Rf8 Rxf8 22.Rxf8 Rf7
23.Rxf7 Nxf7 24.Nf6 Kc8 25.Nxh7 c5 26.Nf3 Bc6 27.Nhg5 Nxg5 28.Nxg5 Kd7 29.Kf2
Ke7 30.Kf3 Kf6 31.Kf4 Bb7 32.h4 Bc6 33.g4 Be8 34.Nf3 Bf7 35.e5+ dxe5+ 36.Nxe5
Be8 37.e4

[Event "7th EuropCh Women"]
[Site "Kusadasi / Turkey"]
[Date "2006.04.06"]
[Round "3"]
[Board "1"]
[White "Bensdorp, Marlies"]
[Black "Cherednichenko, Elena"]
[Result "1-0"]
[WhiteElo "2251"]
[BlackElo "1977"]
[PlyCount "99"]
[EventDate "2006.04.04"]
[EventRounds "11"]
[EventCountry "AUT"]

1.d4 Nf6 2.c4 g6 3.g3 Bg7 4.Bg2 O-O 5.Nf3 d6 6.O-O Nbd7 7.Nc3 e5 8.e4 c6 9.b3
Re8 10.Bb2 a6 11.dxe5 dxe5 12.Qc2 Qa5 13.Rad1 Nf8 14.Na4 Bg4 15.c5 N8d7 16.h3
Bxf3 17.Bxf3 Bf8 18.Bc3 Qc7 19.Bd2 h6 20.Be3 Rad8 21.Nb2 Kh7 22.Rd2 Nb8 23.Rfd1
Rxd2 24.Rxd2 Rd8 25.Rxd8 Qxd8 26.Nc4 Qc7 27.b4 Nbd7 28.Kg2 Ne8 29.Qd3 Ndf6
30.Bd2 h5 31.Bc3 Nd7 32.Bd1 Kg8 33.Bb3 Kh7 34.Qf3 f6 35.Qd3 Nb8 36.Nb6 a5 37.a3
axb4 38.axb4 Na6 39.Qc4 Qg7 40.Bd2 Nec7 41.Nd7 g5 42.Nxf6+ Kg6 43.Ng8 Qd7 44.Qe2
Bg7 45.Qe3 Qd8 46.Qf3 Qd7 47.h4 gxh4 48.Ne7+ Kh7 49.Qxh5+ Bh6 50.Qxh6#